000 00472pam a2200181 a 4500
020 _a0702017752
_c2565.00
041 _aeng
_hNULL
082 _a618.2
_bDRU/MAG
100 _aDRIFE , J .
245 _aCLINICAL OBSTETRICS & GYNAECOLOGY /
_cNULL.
_hTextual Documents
260 _aNULL :
_bSAUNDERS ,
_c2004.
300 _a501 :
_bix ;
_cNULL .
365 _a2565.00
700 _aMAGOWAN , B .
930 _a683
999 _c795219
_d795219
650 _aOBST.GYNE